[Event "15th Open A"]
[Site "Vienna AUT"]
[Date "2006.08.04"]
[Round "7"]
[White "Ganaus,H"]
[Black "Klein,Fe"]
[Result "1/2-1/2"]
[WhiteElo "2318"]
[BlackElo "2205"]

1.Nf3 d5 2.c4 e6 3.g3 dxc4 4.Qa4+ Nd7 5.Qxc4 a6 6.Bg2 b5 7.Qc2 Bb7 8.O-O c5
9.b3 Ngf6 10.Bb2 Be7 11.d3 O-O 12.Nbd2 Rc8 13.Rac1 Qb6 14.Qb1 Rfd8 15.a3 h6
16.Qa1 Bf8 17.Rc2 Qa7 18.h3 Qa8 19.Re1 Be7 20.Bf1 Qa7 21.Rec1 Qa8 22.Rd1 Ne8
23.Rdc1 Bf6 24.Ne5 Nxe5 25.Bxe5 Qa7 26.e3 Bxe5 27.Qxe5 Rd5 28.Qb2 Rdd8 29.b4 cxb4
30.axb4 Nf6 31.Nb3 Rxc2 32.Rxc2 Rc8 33.Rxc8+ Bxc8 34.Qc3 Qd7 35.e4 Bb7 36.Qc5 Qc8
37.Qxc8+ Bxc8 38.Nc5 Kf8 39.f4 Ke7 40.Kf2 Nd7 41.d4 Nb8 42.Ke3 Nc6 43.Nd3 Kd6
44.Bg2 Bb7  1/2-1/2

[Event "Liepajas Rokade"]
[Site "Liepaja LAT"]
[Date "2006.08.05"]
[Round "9"]
[White "Kanep,M"]
[Black "Rausis,I"]
[Result "1/2-1/2"]
[WhiteElo "2510"]
[BlackElo "2510"]


1.Nf3 d5 2.c4 e6 3.d4 Nf6 4.g3 dxc4 5.Bg2 Bb4+ 6.Nc3 Nc6 7.O-O Rb8 8.Qc2 O-O
9.Rd1 b5 10.d5 exd5 11.Nxd5 Nxd5 12.Ng5 g6 13.Bxd5 Qe8 14.Ne4 Be7 15.Bh6 Ne5
16.Qc3 Bd8 17.f4 c6 18.Nd6 b4 19.Qxe5 Bb6+ 20.Kg2 Qxe5 21.fxe5 cxd5 22.Bxf8 Kxf8
23.Nxc8 Rxc8 24.Rxd5 Ke7 25.Kf3 c3 26.bxc3 Rxc3+ 27.Rd3 Rc5 28.Rb1 Rc4 29.Rbd1 Rc7
30.g4 h6 31.h4 Ke6 32.Rd6+ Ke7 33.h5 gxh5 34.gxh5 Rc5 35.Kf4 Bc7 36.Rxh6 Rxe5
37.Kf3 Rf5+ 38.Kg4 Rf4+ 39.Kh3 Re4 40.Rc6 Be5 41.Rd2 Bc3 42.Rc7+ Ke6 43.Rc2 a5
44.Rc5 a4 45.h6 Rd4 46.Rc6+ Kf5 47.e4+ Rxe4 48.Rf2+ Kg5 49.Rg2+ Kh5 50.h7 Rh4+
51.Kg3 Kg5 52.Rc5+ f5 53.Rh2 Rxh2 54.Kxh2 Bd4 55.Rb5 b3 56.axb3 axb3 57.Rxb3 Kg6
58.Rb7 Bg7 59.Kg3 Kxh7 60.Kf4 Kg6 61.Rb6+ Bf6 62.Rc6  1/2-1/2

[Event "Open"]
[Site "Genova ITA"]
[Date "2006.08.08"]
[Round "2"]
[White "Ferretti,F"]
[Black "Barsov,A"]
[Result "0-1"]
[WhiteElo "2254"]
[BlackElo "2546"]

1.Nf3 d5 2.c4 d4 3.g3 g6 4.Bg2 Bg7 5.O-O e5 6.d3 a5 7.e3 dxe3 8.fxe3 Nc6
9.Nc3 Nge7 10.a3 O-O 11.Rb1 f5 12.Qc2 h6 13.b4 axb4 14.axb4 Be6 15.b5 Na5
16.e4 g5 17.Nd5 fxe4 18.dxe4 c6 19.bxc6 Nexc6 20.Be3 Nd4 21.Bxd4 exd4 22.Qd3 Nc6
23.Rxb7 Rf7 24.Rxf7 Bxf7 25.Bh3 Qd6 26.Qb3 Na5 27.Qd3 Nc6 28.Qb3 Rb8 29.Qa2 Qc5
30.Qa6 d3+ 31.Kh1 Be8 32.Nd2 Kh8 33.Bf5 Ne5 34.Qe6 Bf7 35.Qe7 Qxe7 36.Nxe7 Rb2
37.Rb1 Rxd2 38.Rb8+ Bf8 39.Rxf8+ Kg7 40.Rd8 Nf3  0-1

[Event "San Agustin Open"]
[Site "Aviles ESP"]
[Date "2006.08.09"]
[Round "5"]
[White "Barrientos,S"]
[Black "Huerga Leache,M"]
[Result "1-0"]
[WhiteElo "2435"]
[BlackElo "2310"]

1.Nf3 d5 2.c4 c6 3.e3 Nf6 4.d4 a6 5.Nbd2 g6 6.b3 Bg7 7.Bd3 O-O 8.Bb2 Bg4
9.O-O Nbd7 10.h3 Bxf3 11.Nxf3 Re8 12.Rc1 e6 13.Qe2 a5 14.a3 Qb6 15.Qc2 Rac8
16.c5 Qc7 17.b4 axb4 18.axb4 Ra8 19.b5 Qd8 20.Rfd1 Qe7 21.Ra1 Nh5 22.b6 e5
23.dxe5 Nxe5 24.Bxe5 Bxe5 25.Ra7 Rxa7 26.bxa7 Ra8 27.Nxe5 Qxe5 28.Qa4 Qc3
29.Rb1 Kg7 30.Rxb7 Qxc5 31.g4 Nf6 32.g5 Ne8 33.Qa1+ d4 34.Qxd4+ Qxd4 35.exd4 Nd6
36.Rd7 Nb5 37.Bxb5 cxb5 38.Kf1 b4 39.Ke2 b3 40.Kd3  1-0

[Event "HZ Open"]
[Site "Vlissingen NED"]
[Date "2006.08.09"]
[Round "6"]
[White "Roktim,B"]
[Black "Van Weersel,A"]
[Result "1/2-1/2"]
[WhiteElo "2365"]
[BlackElo "2155"]

1.Nf3 d5 2.c4 c6 3.Qc2 Nf6 4.g3 Bg4 5.Bg2 Nbd7 6.d4 e6 7.Nbd2 Be7 8.O-O O-O
9.b3 Re8 10.Bb2 Bd6 11.Rfe1 Qb8 12.e4 Bb4 13.Bc3 Bxc3 14.Qxc3 Bxf3 15.Bxf3 dxe4
16.Nxe4 Nxe4 17.Bxe4 Nf6 18.Bf3 Qd6 19.b4 Rad8 20.Rad1 h6 21.a4 a6 22.a5 Rb8
23.Rb1 Red8 24.Red1 Ne8 25.d5 cxd5 26.cxd5 e5 27.Re1 f6 28.b5 axb5 29.Rxb5 b6
30.axb6 Rxb6 31.Reb1 Rxb5 32.Rxb5 f5 33.Rc5 e4 34.Bd1 Qf6 35.Qd2 Nd6 36.Rc6 Qe7
37.Qf4 g5 38.Qc1 Qe5 39.Qc5 Qa1 40.Rxd6 Qxd1+ 41.Kg2 Qf3+ 42.Kh3 Qg4+ 43.Kg2  1/2-1/2

[Event "93rd ch-GBR"]
[Site "Swansea WLS"]
[Date "2006.08.11"]
[Round "5"]
[White "Davies,Ni"]
[Black "Haslinger,S"]
[Result "0-1"]
[WhiteElo "2512"]
[BlackElo "2423"]

1.Nf3 d5 2.c4 c6 3.g3 Nf6 4.Bg2 dxc4 5.O-O Nbd7 6.Na3 Nb6 7.Qc2 Qd5 8.b3 Bf5
9.bxc4 Qxf3 10.Bxf3 Bxc2 11.Nxc2 Nxc4 12.d3 Nb6 13.a4 e5 14.a5 Nbd5 15.Bb2 Bd6
16.a6 b6 17.Bg2 O-O-O 18.e4 Nc7 19.d4 Rhe8 20.Rfc1 Nd7 21.Ne3 exd4 22.Nf5 Bc5
23.Nxg7 Rf8 24.Nf5 Ne5 25.Bf1 Nf3+ 26.Kg2 Nd2 27.Re1 Nxf1 28.Rxf1 Rfe8 29.f3 Ne6
30.Rfd1 Kc7 31.Kf2 Rd7 32.Ke2 b5 33.Nh6 Bf8 34.Ng4 Bg7 35.Nf2 d3+ 36.Nxd3 Rxd3
37.Bxg7 Rxd1 38.Be5+ Rd6 39.Rd1  0-1

[Event "107th Annual US Open"]
[Site "Chicago USA"]
[Date "2006.08.12"]
[Round "8"]
[White "Paschall,W"]
[Black "Cao,T"]
[Result "1/2-1/2"]
[WhiteElo "2357"]
[BlackElo "2132"]

1.Nf3 d5 2.c4 c6 3.e3 Nf6 4.Nc3 e6 5.b3 Nbd7 6.Bb2 Bd6 7.Qc2 O-O 8.Be2 Re8
9.d4 e5 10.cxd5 cxd5 11.dxe5 Nxe5 12.O-O Be6 13.Rac1 Rc8 14.Qb1 a6 15.Rfd1 Qe7
16.Ng5  1/2-1/2

[Event "Open"]
[Site "Stare Mesto CZE"]
[Date "2006.08.12"]
[Round "2"]
[White "Zpevak,P"]
[Black "Stehlik,J"]
[Result "1-0"]
[WhiteElo "2377"]
[BlackElo "2134"]

1.Nf3 d5 2.c4 d4 3.g3 c5 4.Bg2 Nc6 5.O-O e5 6.d3 Nf6 7.a3 a5 8.e3 dxe3 9.fxe3 e4
10.dxe4 Qxd1 11.Rxd1 Nxe4 12.Nd4 cxd4 13.Bxe4 dxe3 14.Bxe3 Be7 15.Nc3 Bg4
16.Re1 O-O 17.Nd5 Bd6 18.Bg2 Rae8 19.h3 Be6 20.Bf2 Bxd5 21.Bxd5 a4 22.Kg2 Re5
23.Rad1 Bb8 24.g4 Rfe8 25.Rxe5 Bxe5 26.Re1 Re7 27.Bc5 Rc7 28.Bxc6 Rxc6 29.Rxe5 f6
30.Rd5 b6 31.Bf2 Rxc4 32.Rb5  1-0

[Event "Acropolis Open"]
[Site "Athens GRE"]
[Date "2006.08.13"]
[Round "1"]
[White "Valden,P"]
[Black "Botsari,A"]
[Result "0-1"]
[WhiteElo "2165"]
[BlackElo "2372"]

1.Nf3 d5 2.c4 d4 3.b4 g6 4.Bb2 Bg7 5.e3 e5 6.exd4 exd4 7.Bd3 Ne7 8.O-O O-O
9.Na3 a5 10.bxa5 Na6 11.Re1 Nc5 12.Qb1 Nc6 13.Bf1 Bg4 14.Be2 Re8 15.Nb5 Bf5
16.Qc1 Rxe2 17.Rxe2 Nd3 18.Qb1 Nxb2 19.Qxb2 d3 20.Re5 Nxe5 21.Nxe5 c6 22.g4 Bxg4
23.Na3 Qg5 24.Nxf7 Bxb2 25.Nxg5 Bxa1  0-1

[Event "Acropolis Open"]
[Site "Athens GRE"]
[Date "2006.08.15"]
[Round "3"]
[White "Gamback,B"]
[Black "Citak,S"]
[Result "1/2-1/2"]
[WhiteElo "2179"]
[BlackElo "2258"]

1.Nf3 d5 2.c4 dxc4 3.e3 Nf6 4.Bxc4 e6 5.O-O c5 6.b3 a6 7.Bb2 Be7 8.Be2 O-O
9.d3 b5 10.Nbd2 Bb7 11.Rc1 Nbd7 12.Rc2 Nd5 13.a3 Bf6 14.Qa1 Qe7 15.Rfc1 Rac8
16.Bxf6 N5xf6 17.d4 cxd4 18.Nxd4 e5 19.N4f3 Nd5 20.b4 N5b6 21.Nb3 Bxf3 22.Bxf3 Rxc2
23.Rxc2 Nc4 24.Be2 Ndb6 25.Nd2 Nxd2 26.Rxd2 g6 27.Rc2 Qd6 28.Qc1 Qb8 29.Rc6 Rc8
30.h3 Kg7 31.Bg4 f5 32.Bf3 Rxc6 33.Qxc6 e4 34.Qc3+ Kh6 35.Be2 Qd6 36.h4 Nd7
37.g3  1/2-1/2

[Event "Acropolis Open"]
[Site "Athens GRE"]
[Date "2006.08.15"]
[Round "3"]
[White "Karayannis,A"]
[Black "Kokolias,K"]
[Result "1-0"]
[WhiteElo "2380"]
[BlackElo "2188"]

1.Nf3 d5 2.c4 c6 3.e3 Nf6 4.b3 Bg4 5.Bb2 e6 6.h3 Bh5 7.Be2 Nbd7 8.g4 Bg6
9.d3 dxc4 10.bxc4 Bb4+ 11.Kf1 Nc5 12.Ne5 Nfd7 13.Nxg6 hxg6 14.Bxg7 Rh7 15.Bc3 Bxc3
16.Nxc3 Qf6 17.d4 Qh8 18.Kg2 Nf8 19.Qc1 Ncd7 20.Ne4  1-0

[Event "Petrovskaja Ladja A2"]
[Site "Peterhof RUS"]
[Date "2006.08.15"]
[Round "2"]
[White "Drugov,P"]
[Black "Bets,A"]
[Result "1-0"]
[WhiteElo "2337"]
[BlackElo "2369"]

1.Nf3 d5 2.c4 c6 3.d4 e6 4.cxd5 exd5 5.Nc3 Nf6 6.Bg5 Be7 7.e3 O-O 8.Bd3 Re8
9.Qc2 Nbd7 10.O-O Nf8 11.Bxf6 Bxf6 12.Bf5 g6 13.Bxc8 Rxc8 14.b4 Nd7 15.Qd3 a6
16.a4 b5 17.a5 Bg7 18.e4 dxe4 19.Nxe4 Ne5 20.Nxe5 Rxe5 21.Nc3 c5 22.bxc5 Rcxc5
23.Rad1  1-0

[Event "Petrovskaja Ladja A2"]
[Site "Peterhof RUS"]
[Date "2006.08.15"]
[Round "2"]
[White "Nadjezhdin,D"]
[Black "Lupik,M"]
[Result "1-0"]
[WhiteElo "2216"]
[BlackElo "2249"]

1.Nf3 d5 2.c4 d4 3.e3 Nc6 4.exd4 Nxd4 5.Nxd4 Qxd4 6.Nc3 e5 7.d3 Bg4 8.Be2 Bxe2
9.Qxe2 O-O-O 10.O-O Qxd3 11.Qxe5 Qxc4 12.Be3 f6 13.Qf5+ Kb8 14.Rac1 Ne7 15.Rfd1 Rc8
16.Qd7 Qa6 17.Nb5 Nc6 18.Rxc6 bxc6 19.Nxa7 Bd6 20.Nxc8 Rxc8 21.Qxg7 Be5 22.Qxh7 Qxa2
23.Qc2 Rh8 24.g3 Kb7 25.Rd3 Qe6 26.Qa4 Rb8 27.Rb3+  1-0

[Event "Open"]
[Site "Stare Mesto CZE"]
[Date "2006.08.15"]
[Round "6"]
[White "Neumeier,L"]
[Black "Benco,P"]
[Result "0-1"]
[WhiteElo "2253"]
[BlackElo "2116"]

1.Nf3 d5 2.c4 e6 3.g3 Nf6 4.Bg2 c5 5.cxd5 exd5 6.d4 Nc6 7.O-O Be7 8.Nc3 O-O
9.Bg5 h6 10.Bxf6 Bxf6 11.dxc5 Bxc3 12.bxc3 Be6 13.Nd4 Qa5 14.c4 Nxd4 15.cxd5 Qxc5
16.Rc1 Qxc1 17.Qxd4 Qc2 18.dxe6 fxe6 19.Qe5 Qxa2 20.Bxb7 Rab8 21.Be4 Kh8
22.Qh5 Rf6 23.Rc1 Qd2 24.Rf1 Qd4 25.Bf3 e5 26.Rc1 e4 27.Qg4 Qb2 28.Rc8+ Rf8
29.Rxf8+ Rxf8 30.Bxe4 Qd4 31.e3 Qf6 32.f3 Rd8 33.Kg2 a5 34.Bf5 a4 35.Kh3 a3
36.Bb1 Qf7 37.Qe4 g6 38.Qe5+ Kh7 39.Qa5 Rb8 40.Ba2 Qf5+  0-1

[Event "Acropolis Open"]
[Site "Athens GRE"]
[Date "2006.08.16"]
[Round "4"]
[White "Yagiz,Y"]
[Black "Ignatiadis,K"]
[Result "1-0"]
[WhiteElo "2343"]
[BlackElo "2248"]

1.Nf3 d5 2.c4 c6 3.g3 Nf6 4.Bg2 Bg4 5.Ne5 Be6 6.cxd5 Bxd5 7.Nf3 c5 8.Nc3 Bc6
9.Qb3 e6 10.O-O Nbd7 11.d4 Qb6 12.Be3 Qxb3 13.axb3 Nd5 14.Nxd5 Bxd5 15.Rfc1 b6
16.Ne1 Bxg2 17.Kxg2 cxd4 18.Bxd4 e5 19.Be3 Bc5 20.Bd2 Ke7 21.b4 Bd6 22.Rc6 Rhd8
23.e4 a6 24.Nc2 Rdc8 25.Rxc8 Rxc8 26.Ne3 Ra8 27.Nf5+ Ke6 28.Nxg7+ Kf6 29.Nf5 Ke6
30.Bc3 Bf8 31.f4 a5 32.Ne3 f6 33.Nd5 Ra7 34.f5+ Kf7 35.bxa5 bxa5 36.Rxa5 Rb7
37.b4 Nb8 38.Kf3 Nc6 39.Ra6 Nxb4 40.Rxf6+ Ke8 41.h3  1-0

[Event "Independence Cup A"]
[Site "Kyiv UKR"]
[Date "2006.08.16"]
[Round "4"]
[White "Matorin,E"]
[Black "Zhizmer,Y"]
[Result "1/2-1/2"]
[WhiteElo "2283"]
[BlackElo "2393"]

1.Nf3 d5 2.c4 c6 3.b3 Bf5 4.d3 Nf6 5.Nbd2 h6 6.g3 e6 7.Bg2 Be7 8.O-O O-O
9.Re1 a5 10.a3 Bh7 11.Bb2 Nbd7 12.e4 Nc5 13.Ne5 dxe4 14.dxe4 Qb6 15.Bc3 Rad8
16.Qc2 Ncd7 17.Nef3 Bc5 18.Re2 Ng4 19.Nf1 Ndf6 20.Ne5 Nxf2 21.Rxf2 Nxe4 22.Bxe4 Bxe4
23.Qxe4 Bxf2+ 24.Kg2 Qxb3 25.Bxa5 Bd4 26.Re1 Bb6 27.Bb4 c5 28.Bd2 Bc7 29.Nf3 Qxa3
30.Qxb7 Ba5 31.Re3 Rd3 32.Rxd3 Qxd3 33.Bxa5 Qxc4 34.Qb2 Ra8 35.Ne3 Qe4 36.Qc3 Rxa5
37.Qxa5 Qxe3 38.Qd8+ Kh7 39.Qd2 Qe4 40.Kf2 Qf5 41.Qc3 Qd5 42.Ke3 Kg8 43.Qd3 Qa2
44.Nd2 Qa1 45.Nf3 Qc1+ 46.Qd2 Qa3+ 47.Qd3 Qc1+ 48.Ke2 c4 49.Qd2 Qa1 50.Qc2 c3
51.Kd3 Qa6+ 52.Ke3 Qb6+ 53.Ke2 Qb5+ 54.Ke1 Qc4 55.Ng1 Qc6 56.Kf1 Kf8 57.h4 g5
58.hxg5 hxg5 59.Ne2 Qh1+ 60.Kf2 Qh2+ 61.Kf3 f5 62.Qxc3 Qh1+ 63.Kf2 Qh2+ 64.Ke1 Qh1+
65.Kd2 Qd5+ 66.Kc1 Qh1+ 67.Kb2 Qb7+ 68.Kc2 Qe4+ 69.Kd2 Qd5+ 70.Ke1 f4 71.gxf4 gxf4
72.Qf6+ Ke8 73.Nxf4 Qf5 74.Qh8+ Kd7 75.Qd4+ Ke8 76.Nd3 Qa5+ 77.Ke2 Qh5+ 78.Kd2 Qa5+
79.Nb4 Qg5+ 80.Kd3 Qb5+ 81.Kc3 Kf7 82.Qd6 Qa5 83.Kc4 Qa4 84.Qe5 Ke7 85.Qg7+ Ke8
86.Qf6 Qd7 87.Qh8+ Ke7 88.Kc5 Qa7+ 89.Kb5 Qb7+  1/2-1/2

[Event "Acropolis Open"]
[Site "Athens GRE"]
[Date "2006.08.17"]
[Round "5"]
[White "Skaperdas,K"]
[Black "Kokolias,K"]
[Result "1-0"]
[WhiteElo "2235"]
[BlackElo "2188"]

1.Nf3 d5 2.c4 c6 3.e3 Nf6 4.Nc3 Bg4 5.Qb3 Qb6 6.Ne5 Be6 7.d4 Nbd7 8.Nxd7 Bxd7
9.Na4 Qc7 10.Nc5 e6 11.Qxb7 Qxb7 12.Nxb7 Bb4+ 13.Ke2 Rb8 14.Nc5 Bxc5 15.dxc5 Ne4
16.f3 Nxc5 17.Kf2 e5 18.b3 f6 19.Bb2 Kf7 20.Rc1 Rhc8 21.Be2 Be6 22.Ba3 Nd7
23.Bd6 Ra8 24.cxd5 cxd5 25.Ba6 Rxc1 26.Rxc1 Nb6 27.Rc7+ Kg8 28.Bc5 Bc8 29.Bxc8 Nxc8
30.a4 Rb8 31.a5 h5 32.b4 Kh7 33.g4 hxg4 34.fxg4 d4 35.exd4 exd4 36.Ke2 Kg6
37.Kd3 f5 38.h3 fxg4 39.hxg4 Kf6 40.Kxd4  1-0

[Event "Jch-EST"]
[Site "Narva Joesuu EST"]
[Date "2006.08.17"]
[Round "4"]
[White "Ezov,R"]
[Black "Ivanov,Al3"]
[Result "1/2-1/2"]
[WhiteElo "2144"]
[BlackElo "2408"]

1.Nf3 d5 2.c4 e6 3.b3 Nf6 4.Bb2 Be7 5.g3 O-O 6.Bg2 b6 7.O-O Bb7 8.d3 c5 9.Nbd2 Nc6
10.Qc2 d4 11.a3 a5 12.e3 Qd7 13.exd4 cxd4 14.Rfe1 Rad8 15.Ne4 Nxe4 16.Rxe4 Bc5
17.Rae1 Qd6 18.Qc1 Ne7 19.b4 axb4 20.axb4 Bxb4 21.Rxd4 Qc7 22.Rxd8 Rxd8 23.Rd1 Nf5
24.Be5 Bd6 25.Bxd6 Qxd6 26.Qb2 h6 27.Rb1 Bxf3 28.Bxf3 Nd4 29.Bb7 Rb8 30.Qxb6 Ne2+
31.Kg2 Qxd3 32.c5 Nd4 33.Ra1 Nc2 34.Ra8 Rxa8 35.Bxa8 Ne3+ 36.fxe3 Qe2+ 37.Kg1 Qe1+
38.Kg2  1/2-1/2

[Event "Petrovskaja Ladja A1"]
[Site "Peterhof RUS"]
[Date "2006.08.17"]
[Round "6"]
[White "Markosian,D"]
[Black "Petrenko,S"]
[Result "1/2-1/2"]
[WhiteElo "2377"]
[BlackElo "2293"]

1.Nf3 d5 2.c4 c6 3.e3 Nf6 4.Nc3 g6 5.Qb3 e6 6.d4 Bg7 7.Qc2 O-O 8.b3 Nbd7
9.Bb2 Re8 10.Be2 b6 11.O-O Bb7 12.Rfd1 Qc7 13.Rac1 Rac8 14.a4 a5 15.Ba3 Qb8
16.Qd2 Ne4 17.Nxe4 dxe4 18.Ne1 c5 19.Nc2 e5 20.dxc5 Nxc5 21.Bxc5 Rxc5 22.Qd6 Qa7
23.Na3 Bf8 24.Qd7 Re7 25.Qd2 Re6 26.Nb5 Qb8 27.Qb2 Rc8 28.Nc3 Bc5 29.Nd5 f5
30.Rc2 Rf8 31.Rcd2 Bc6 32.Qc2 Qb7 33.Bf1 Kh8 34.g3 h5 35.Bg2 g5 36.Rf1 g4
37.Qb2 Qg7 38.Rfd1 h4 39.Qc2 Qg5 40.Qb2 Qg7 41.Qb1 Rh6 42.Qb2 Re6 43.Qb1  1/2-1/2

[Event "Open"]
[Site "Stare Mesto CZE"]
[Date "2006.08.17"]
[Round "8"]
[White "Neumeier,L"]
[Black "Bitkinin,L"]
[Result "1-0"]
[WhiteElo "2253"]
[BlackElo "2077"]

1.Nf3 d5 2.c4 c6 3.b3 Nf6 4.Bb2 Bf5 5.e3 e6 6.Be2 Bd6 7.O-O O-O 8.d4 Nbd7
9.Ne5 Qe7 10.a3 a5 11.f4 Bxb1 12.Qxb1 Ne4 13.Qc2 f6 14.Nxd7 Qxd7 15.Bd3 f5
16.Bxe4 fxe4 17.g4 e5 18.dxe5 Bc5 19.Rae1 Qxg4+ 20.Kh1 Be7 21.Re2 Qh3 22.Qc1 Rad8
23.Rg2 g6 24.Rg3 Qe6 25.c5 Rf5 26.Bd4 Rh5 27.Qd1 Rf5 28.Qg4 Kh8 29.Rfg1 b6
30.b4 bxc5 31.bxc5 Rb8 32.h4 a4 33.Qh3 Rbf8 34.Rb1 h6 35.Rb7 Bxh4 36.Qxh4 Rh5
37.Qxh5 gxh5 38.Rgg7 Rb8 39.f5 Rxb7 40.Rxb7 Qxf5 41.e6+ Kg8 42.Rb8+ Qf8 43.Rxf8+ Kxf8
44.Bf6  1-0

[Event "Acropolis Open"]
[Site "Athens GRE"]
[Date "2006.08.18"]
[Round "6"]
[White "Yagiz,Y"]
[Black "Solak,D"]
[Result "0-1"]
[WhiteElo "2343"]
[BlackElo "2564"]

1.Nf3 d5 2.c4 c6 3.b3 Bg4 4.Bb2 Bxf3 5.exf3 e6 6.Bd3 Nf6 7.O-O Nbd7 8.Re1 Be7
9.f4 O-O 10.Qf3 a5 11.Bc2 a4 12.f5 a3 13.Bc3 e5 14.d4 exd4 15.Bxd4 Bb4 16.Nc3 c5
17.Bxf6 Nxf6 18.cxd5 Bxc3 19.Qxc3 Nxd5 20.Qc4 Nf6 21.Rad1 Qa5 22.Re5 b5 23.Qe2 Rfe8
24.f4 Qc3 25.Qd2 Qb2 26.Rb1 Qxa2 27.Rxc5 Ne4 28.Qd1 Nxc5 29.f6 Re1+ 30.Qxe1 Qxc2
31.Rc1 Qxc1  0-1

[Event "Independence Cup A"]
[Site "Kyiv UKR"]
[Date "2006.08.18"]
[Round "6"]
[White "Gubay,N"]
[Black "Zhesterev,A"]
[Result "1/2-1/2"]
[WhiteElo "2165"]
[BlackElo "2251"]

1.Nf3 d5 2.c4 e6 3.g3 Nf6 4.Bg2 c5 5.O-O Nc6 6.cxd5 exd5 7.d4 Be7 8.Nc3 O-O
9.Bg5 c4 10.Ne5 Be6 11.e3 h6 12.Bxf6 Bxf6 13.f4 Bxe5 14.fxe5 Qg5 15.Qd2 Rad8
16.a3 Na5 17.Rae1 Nb3 18.Qc2 a6 19.Bf3 Bh3 20.Bg2 Be6 21.Bf3 Bh3 22.Bg2  1/2-1/2

[Event "XXVI Open A"]
[Site "Bratto ITA"]
[Date "2006.08.19"]
[Round "1"]
[White "Bonazzi,E"]
[Black "Di Donato,G"]
[Result "1-0"]
[WhiteElo "2151"]
[BlackElo "1951"]

1.Nf3 d5 2.c4 c6 3.g3 Nf6 4.Bg2 Bf5 5.cxd5 cxd5 6.Qb3 Qc8 7.Nc3 e6 8.d3 Be7
9.Bf4 Nh5 10.Bd2 Nc6 11.Rc1 Qd7 12.O-O Nf6 13.Bf4 O-O 14.e4 Na5 15.Qc2 dxe4
16.dxe4 Bg6 17.Ne5 Qe8 18.Nxg6 hxg6 19.Rfd1 Nc6 20.Qe2 e5 21.Be3 Rd8 22.Nd5 Nb4
23.Nxb4 Bxb4 24.a3 Rxd1+ 25.Rxd1 Be7 26.Bxa7 Qa4 27.Be3 Rc8 28.Rc1 Re8 29.Qc2 Qd7
30.f3 Nh7 31.Qd2 Qa4 32.Bf1 Rd8 33.Qc2 Qd7 34.Qc7 Qe6 35.Bh3 Qb3 36.Qc3 Qb5
37.Bf1 Qd7 38.Be2 Qe6 39.Rd1 Rc8 40.Qd3 Rd8 41.Qxd8+ Bxd8 42.Rxd8+ Nf8 43.Bc5 Qa2
44.Rxf8+ Kh7 45.Rd8 Qb1+ 46.Bf1 Qxb2 47.Rd3 Qb5 48.Bf2 Qa4 49.Kg2 Kh6 50.Be2 Qc2
51.Be3+ Kh7 52.Kf2 Qc8 53.Rb3 Qd7 54.Rb5 Qc7 55.a4 f6 56.a5 g5 57.g4 Qf7
58.Rd5 Qc7 59.Rc5 Qd7 60.Bc4 Qd1 61.Bd5 Qb1 62.Kg2 Qb2+ 63.Bf2 b6 64.axb6 Qxb6
65.Rc8 Qb2 66.Bg8+ Kh8 67.Be6+ Kh7 68.Bf5+ g6 69.Rc7+ Kh6 70.Be6 Qb8 71.Rf7 Qd6
72.Bd5 Qa6 73.Ra7 Qc8 74.Rf7 f5 75.gxf5 gxf5 76.Rxf5 Qc7 77.Be3 Qc2+ 78.Kg3 Qe2
79.Bxg5+ Kg7 80.Bf6+ Kh6 81.Bxe5 Qf1 82.Kg4  1-0

[Event "XXVI Open A"]
[Site "Bratto ITA"]
[Date "2006.08.19"]
[Round "1"]
[White "Mola,P"]
[Black "Di Lascio,S"]
[Result "1-0"]
[WhiteElo "2279"]
[BlackElo "2048"]

1.Nf3 d5 2.c4 c6 3.g3 Nf6 4.Bg2 Bf5 5.cxd5 cxd5 6.Qb3 Qc7 7.Nc3 e6 8.O-O Nbd7
9.d3 Be7 10.Bf4 Qb6 11.Qxb6 Nxb6 12.Nb5 O-O 13.Rfc1 a6 14.Nd6 Bxd6 15.Bxd6 Rfc8
16.Nd4 Bg6 17.Bh3 Rxc1+ 18.Rxc1 Rc8 19.Rxc8+ Nxc8 20.Bc7 Na7 21.f4 Nc6 22.Nxc6 bxc6
23.Bd6 Bh5 24.Bf1 Nd7 25.Kf2 f6 26.Ke3 Kf7 27.b4 e5 28.Bh3 exf4+ 29.gxf4 Ke8
30.Bf1 Kf7 31.Kd4 Ke6 32.Bc7 f5 33.e4 Bf3 34.exf5+ Kxf5 35.Ke3 Bd1 36.d4 Nf6
37.h3 Ke6 38.Bxa6 Kd7 39.Be5 Ba4 40.Bd3 Bb5 41.Bc2 Ke6 42.a4 Bf1 43.a5 Bc4
44.Bd3 Bxd3 45.Kxd3 Kd7 46.Bxf6 gxf6 47.f5 Kc7 48.Ke3 Kb7 49.Kf4 Ka6 50.Kg4 c5
51.bxc5 Kxa5 52.Kh5 Kb5 53.Kh6 Kc4 54.c6  1-0

[Event "Independence Cup A"]
[Site "Kyiv UKR"]
[Date "2006.08.19"]
[Round "7"]
[White "Nogin,N"]
[Black "Zakharchenko,A"]
[Result "1-0"]
[WhiteElo "2321"]
[BlackElo "2275"]

1.Nf3 d5 2.c4 e6 3.d4 Nf6 4.g3 dxc4 5.Bg2 Nc6 6.O-O Rb8 7.e3 b5 8.b3 cxb3
9.axb3 Bb7 10.Nc3 b4 11.Na4 Be7 12.Bb2 O-O 13.Qc2 Na5 14.Nc5 Bxc5 15.dxc5 Nc6
16.Ng5 g6 17.h4 Qe7 18.Qc4 Rfd8 19.Bxc6 Bxc6 20.Qf4 Nd5 21.Qe5 Nc3 22.Rxa7 Rbc8
23.Bxc3 bxc3 24.Qxc3 h6 25.Nh3 e5 26.Kh2 Qe6 27.e4 Bb5 28.Re1 Rd3 29.Qc1 Kg7
30.Re3 Qxb3 31.Ra3 Qxa3 32.Qxa3 Rxa3 33.Rxa3 Bc6 34.f3 Ra8 35.Rxa8 Bxa8 36.Nf2 f5
37.g4 Kf6 38.Kg3 Bc6 39.exf5 gxf5 40.f4 exf4+ 41.Kxf4 fxg4 42.Nxg4+ Ke6 43.Nxh6 Kd5
44.Ng8 Kxc5 45.h5 Be8 46.h6 Bg6 47.Ke5 Bh7 48.Nf6 Bg6 49.Nd7+  1-0

[Event "Lichtenberger Sommer"]
[Site "Berlin GER"]
[Date "2006.08.20"]
[Round "2"]
[White "Tchetchelnitski,B"]
[Black "Zschaebitz,K"]
[Result "1-0"]
[WhiteElo "2204"]
[BlackElo "2066"]

1.Nf3 d5 2.c4 c6 3.g3 Nf6 4.Qc2 Bg4 5.Ne5 Be6 6.Bg2 Nbd7 7.Nf3 Bg4 8.d4 Ne4
9.O-O e6 10.Qb3 Qb6 11.Nbd2 Nxd2 12.Bxd2 Be7 13.Rfe1 Bf5 14.Qxb6 axb6 15.cxd5 exd5
16.Bc3 O-O 17.Nd2 Nf6 18.f3 Rfd8 19.e4 Be6 20.Kh1 Bf8 21.a3 Ne8 22.Nf1 Nc7
23.Ne3 c5 24.Red1 dxe4 25.fxe4 Bb3 26.Rd2 cxd4 27.Rxd4 Bc5 28.Rxd8+ Rxd8
29.Nf5 Ne6 30.Re1 Bf8 31.Ne3 g6 32.Nd5 Bg7 33.Nf6+ Bxf6 34.Bxf6 Rc8 35.Kg1 Kf8
36.Re3 Nc5 37.Rc3 Re8 38.Bd4 Ba4 39.Bxc5+ bxc5 40.Rxc5 Bc6 41.Rc4 Rd8 42.Rc2 Ba4
43.Rc1 Rd2 44.b4 Bc2 45.e5 b6 46.Bc6 Bf5 47.Re1 Rd3 48.a4 Rb3 49.b5 Ra3 50.Rd1 Ke7
51.Rd4 h5 52.Rd6 Rxa4 53.Bb7 Ra1+ 54.Kf2 Ra2+ 55.Ke3 Rxh2 56.Rxb6 Rb2 57.Bd5 Bd7
58.Bc4 Rg2 59.Kd4 Rxg3 60.Rf6 Rg4+ 61.Kc5 Be8 62.b6 Rg1 63.b7 Rb1 64.Rb6 Re1
65.b8=Q  1-0

[Event "XXVI Open A"]
[Site "Bratto ITA"]
[Date "2006.08.21"]
[Round "3"]
[White "Bonazzi,E"]
[Black "Brun,D"]
[Result "1-0"]
[WhiteElo "2151"]
[BlackElo "2040"]

1.Nf3 d5 2.c4 c6 3.g3 dxc4 4.Bg2 Nf6 5.Qc2 b5 6.a4 Bb7 7.b3 cxb3 8.Qxb3 Qb6
9.Na3 a6 10.O-O Nbd7 11.d4 e6 12.Rb1 Be7 13.Nc4 Qd8 14.Bf4 O-O 15.Nd6 Bxd6
16.Bxd6 Re8 17.Rfc1 Nb6 18.axb5 axb5 19.Bc5 Ne4 20.Bxb6 Qxb6 21.Qd3 Nf6 22.Ne5 Rec8
23.Rb2 Ra4 24.e3 Nd5 25.Nd7 Qa7 26.Nc5 Ra3 27.Qd2 Ra8 28.Rbc2 Bc8 29.Nd3 Rxd3
30.Qxd3 Nb4 31.Qc3 Nxc2 32.Qxc2 Bd7 33.Qb2 Qb6 34.Qb4 Rc8 35.Bf3 Be8 36.Kg2 e5
37.Rc5 exd4 38.exd4 Bd7 39.d5 cxd5 40.Rxc8+ Bxc8 41.Qe7 g6 42.Qe8+ Kg7 43.Qxc8 b4
44.Bxd5 b3  1-0

[Event "XXVI Open A"]
[Site "Bratto ITA"]
[Date "2006.08.21"]
[Round "3"]
[White "Mola,P"]
[Black "Piva,G"]
[Result "1-0"]
[WhiteElo "2279"]
[BlackElo "2129"]

1.Nf3 d5 2.c4 c6 3.g3 Nf6 4.Bg2 g6 5.O-O Bg7 6.cxd5 cxd5 7.d4 O-O 8.Ne5 b6
9.Nc3 Bb7 10.Bg5 Nbd7 11.Qb3 h6 12.Bxf6 Nxf6 13.e4 e6 14.exd5 Nxd5 15.Nxd5 Bxd5
16.Bxd5 Qxd5 17.Qxd5 exd5 18.Rac1 Rfc8 19.f4 Bf6 20.Kf2 Kg7 21.Ke3 Be7 22.Kd3 Bd6
23.Ng4 Rxc1 24.Rxc1 Rd8 25.Ne3 Bb8 26.Rc6 h5 27.b4 h4 28.a4 hxg3 29.hxg3 f6
30.a5 bxa5 31.bxa5 Kf7 32.Ng4 Bd6 33.Ra6 Rd7 34.Ne5+ fxe5 35.dxe5 Ke7 36.Rxd6 Rxd6
37.exd6+ Kxd6 38.Kd4 Kc6 39.g4 Kd6 40.a6 Kc6 41.Ke5  1-0

[Event "3rd Dato Arthur Tan"]
[Site "Kuala Lumpur MAS"]
[Date "2006.08.21"]
[Round "1"]
[White "Murshed,N"]
[Black "Shanmugam,R"]
[Result "1-0"]
[WhiteElo "2464"]
[BlackElo "2156"]

1.Nf3 d5 2.c4 c6 3.d4 dxc4 4.e3 b5 5.a4 e6 6.b3 Bb4+ 7.Bd2 Bxd2+ 8.Nfxd2 Ne7
9.bxc4 b4 10.Nb3 a5 11.N1d2 Nd7 12.Be2 Ba6 13.Ne4 O-O 14.O-O e5 15.Rc1 exd4
16.exd4 Nf5 17.Bd3 Nf6 18.Qf3 Nxe4 19.Qxf5 Nf6 20.Qxa5 Qxa5 21.Nxa5 c5 22.dxc5 Bc8
23.Nc6 Rxa4 24.Rb1 Nd7 25.Bf5 g6 26.Ne7+ Kh8 27.Nxc8 gxf5 28.Nb6 Ra7 29.Rxb4 Nxc5
30.Rb5 Rc7 31.Nd5 Rc6 32.Ne7 Rc7 33.Nxf5 Ne4 34.Rc1 Rfc8 35.h3 h5 36.Ne3 Rc5
37.Rd1 Rxb5 38.cxb5 Nc3 39.Rd7 Kg8 40.b6 Rb8 41.Nc4 Na4 42.Rd6 Kg7 43.Kh2 h4
44.Rc6 Kg8 45.Kg1 Kg7 46.Kf1 Kg8 47.Ke2 Nc3+ 48.Kf3 Nd5 49.Rd6 Ne7 50.Rd4 Ng6
51.Ke4 Ne7 52.Rd7 Kf8 53.Rc7 f5+ 54.Kf3 Ke8 55.Kf4 Nd5+ 56.Kxf5 Nxb6 57.Rh7  1-0

[Event "6th Open"]
[Site "Velika Gorica CRO"]
[Date "2006.08.21"]
[Round "4"]
[White "Pandurevic,M"]
[Black "Feletar,D"]
[Result "0-1"]
[WhiteElo "2259"]
[BlackElo "2400"]

1.Nf3 d5 2.c4 d4 3.g3 c5 4.d3 Nc6 5.Bg2 e5 6.O-O f6 7.Na3 Bg4 8.h3 Be6 9.Nc2 Qd7
10.Kh2 Nge7 11.a3 a5 12.Rb1 a4 13.b4 axb3 14.Rxb3 Nc8 15.e3 Be7 16.exd4 cxd4
17.Re1 O-O 18.Bd2 Ra7 19.Nfxd4 Nxd4 20.Nxd4 Qxd4 21.Be3 Qd8 22.Bxa7 Nxa7
23.Rxb7 Bc5 24.Re2 Nc8 25.Rb5 Qd6 26.Qb3 Na7 27.Rb7 Nc6 28.Qa4 Nd8 29.Rb3 Bd7
30.Qa5 Nc6 31.Qa6 Nd4 32.Bd5+ Kh8 33.Qxd6 Bxd6 34.Rb6 Bc5 35.Reb2 Bxb6 36.Rxb6 Rc8
37.f4 exf4 38.gxf4 Ne2 39.Rb7 Bf5 40.a4 Nxf4 41.Bf3 Nxd3 42.a5 Nc5 43.Rb6 h6
44.Bd5 Rc7 45.h4 Be4 46.h5 Bxd5 47.cxd5 Rd7 48.d6 Nb7 49.a6 Nxd6 50.Kg3 Kh7
51.Kf4 Nc8 52.Rb7 Rd4+ 53.Kg3 Ra4 54.Rb8 Nd6 55.Ra8 Nf5+ 56.Kh3 Rh4+ 57.Kg2 Rxh5
58.a7 Ne3+ 59.Kf3 Ra5 60.Kxe3 h5 61.Kf4 Kg6 62.Kg3 Kg5 63.Kh2 Kg4  0-1